| 000 | 00468nam a2200145 4500 | ||
|---|---|---|---|
| 001 | 127644 | ||
| 003 | ES-MaACL | ||
| 007 | t| | ||
| 008 | 070214s1948 sp r ||||1| spa d | ||
| 100 | 1 |
_aRiquelme Sánchez, Manuel. _997449 |
|
| 245 | 1 | 0 |
_aAgenda del químico tintorero y estampador / _cpor el Dr. Manuel Riquelme Sánchez. |
| 260 |
_aHospitalet del Llobregat : _bCardoner y Cia., _c1948. |
||
| 300 |
_a564 p., 12 h. ; _c18 cm. |
||
| 852 |
_aES-MaACL _jE-738 _bR.26341 |
||
| 999 |
_c127644 _d127644 |
||